000 00767nam a2200241 i 4500
001 bg
100 1 _aBYRDY, Czesław
245 1 0 _aZasady ocieplania budynków mieszkalnych :
_bpomoc dydaktyczna /
_cCzesław Byrdy ; Politechnika Krakowska im. Tadeusza Kościuszki.
260 _aKraków :
_bPK,
_c1997.
300 _a87 s. :
_brys. ;
_c24 cm.
504 _aBibliogr. s. 85-87.
650 9 _aBudownictwo mieszkaniowe
_xtechnika
650 9 _aIzolacje cieplne
_xbudownictwo
655 _aPodręczniki akademickie
710 0 _aPOLITECHNIKA KRAKOWSKA im. Tadeusza Kościuszki
020 _a8390387808
040 _cBPK
041 0 _apl
080 _a699.8::728(075.8)
920 _a83-903878-0-8
942 _cKS
008 s pl f |000 0 pol
999 _c32809
_d32809
856 _uhttp://koha.tu.koszalin.pl/cgi-bin/koha/opac-detail.pl?biblionumber=32809
_yKatalog online BPK